Quizzes
Events
Quiz Creation
Community
Videos
Private Events
Remove Ads
Sign In
Join for FREE
Feedback
Dark Mode
Quiz Categories
Sports
Geography
Music
Movies
Television
Just For Fun
Miscellaneous
History
Literature
Language
Science
Gaming
Entertainment
Religion
Holiday
For Kids
Quiz Lab
Recent
Popular Today
Quiz Kudos Today
Editor Picks
Curator Picks
Quizzes by...
Day
Popularity
Type
Ratings
Length
Year
Community
Subscriptions
Recent Discussions
Orange Saloon
Badges
Playlists
Quests
Create
Leaderboards
Showdown
Live 5
Trivia Bingo
Activity
Puzzle Library
Sporcle Events
Private Events
Virtual Trivia
Globe League
Become a Host
Pub Owners
SporcleCon
Opinionation
Our Games
Videos
Blog
Mobile Apps
Partnerships
Remove Ads and Go Orange
Feedback
Music
Pop Music
The Beatles
Song
Album
Lyrics
Bands
Singers
Artist
Clip
Rock
Rap
Classical
Billboard
Country Music
Kpop
Taylor Swift
Music
Pop Music
The Beatles
Song
Album
Lyrics
Bands
Singers
Artist
Clip
Rock
Rap
Classical
Billboard
Country Music
Kpop
Taylor Swift
Random Quiz
Search Sporcle
×
Quiz Lab
Quiz Lab
Music
Kpop
Type in answers that appear in a list
Type in answers that appear in a list
Classic
Best Score? Go Orange.
My Top 100 Kpop Songs! Stats
Can you name my top 100 Kpop songs (in order)?
By
indie1508
20m
100 Questions
1,363 Plays
1,363 Plays
1,363 Plays
Comments
Comments
Give Quiz Kudos
Give Quiz Kudos
-
- Ratings
hide this ad
More Info
Replay
Link that replays current quiz
Next Quiz
Link to next quiz in quiz playlist
You Got
0%
They Got
Avg Score
60%
Avg Friend Score
Upgrade to see
Score Distribution
Jump to the score distribution portion of the page
Score
0/100
Timer
20:00
0
Plays Today
Hint
Answer
% Correct
81. 3:10-
3:20
Fire
90%
66. 5:40-
5:50
Dumb Dumb
85.4%
90. 1:40-
1:50
Fantastic Baby
84.9%
94. 1:00-
1:10
Run
84.6%
45. 9:10-
9:20
Bang Bang Bang
84%
85. 2:30-
2:40
Call Me Baby
83.9%
65. 5:50-
6:00
Mama
83.9%
92. 1:20-
1:30
Up & Down
82.9%
29. 11:50-
12:00
Up & Down
82.9%
63. 6:10-
6:20
Lion Heart
82.6%
31. 11:30-
11:40
Crazy
81.1%
9. 15:10-
15:20
Cheer Up
80.8%
43. 9:30-
9:40
Ice Cream Cake
80.4%
34. 11:00-
11:10
Mr Mr
80.2%
19. 13:30-
13:40
Just Right
79.8%
50. 8:20-
8:30
Overdose
79.5%
16. 14:00-
14:10
I Need U
78.7%
10. 15:00-
15:10
Loser
78.7%
20. 13:20-
13:30
Red
78.2%
61. 6:30-
6:40
Danger
77.5%
88. 2:00-
2:10
Ringa Linga
77%
5. 15:50-
16:00
Hate
76.5%
87. 2:10-
2:20
Fly
75.8%
12. 14:40-
14:50
I Got A Boy
75.6%
89. 1:50-
2:00
Eyes, Nose, Lips
75.1%
80. 3:20-
3:30
View
74.9%
11. 14:50-
15:00
If You Do
74.8%
40. 10:00-
10:10
The Boys
74.1%
42. 9:40-
9:50
Like A Cat
74%
69. 5:10-
5:20
The 7th Sense
73.1%
35. 10:50-
11:00
Me Gustas Tu
72.8%
14. 14:20-
14:30
Something
71%
32. 11:20-
11:30
Ah Yeah
70.4%
82. 3:00-
3:10
Heart Attack
70.2%
Hint
Answer
% Correct
91. 1:30-
1:40
Shake It
70%
48. 8:40-
8:50
Electric Shock
69.9%
98. 0:20-
0:30
Roll Deep
68.9%
44. 9:20-
9:30
Like Ooh Ahh
68.5%
37. 10:30-
10:40
Mansae
68.3%
25. 12:30-
12:40
Her
67.8%
6. 15:40-
15:50
4 Walls
67.6%
67. 5:30-
5:40
Catch Me!
67.3%
78. 3:40-
3:50
My House
67.2%
17. 13:50-
14:00
Miniskirt
66.7%
1. 16:30-
16:50
Red Light
66.6%
55. 7:30-
7:40
Adore U
65.4%
27. 12:10-
12:20
Let's Not Fall In Love
65.4%
38. 10:20-
10:30
Shake That Brass
65.3%
52. 8:00-
8:10
One Shot
64.9%
97. 0:30-
0:40
Devil
64.1%
64. 6:00-
6:10
Chained Up
62.8%
18. 13:40-
13:50
Catallena
62.7%
21. 13:10-
13:20
Only You
62.4%
84. 2:40-
2:50
Trespass
62.4%
4. 16:00-
16:10
You Think
62.1%
74. 4:20-
4:30
I Like That
61.4%
26. 12:20-
12:30
Error
59.8%
53. 7:50-
8:00
Liar Liar
59.6%
41. 9:50-
10:00
Give It To Me
59.4%
8. 15:20-
15:30
Catch Me If You Can
59.4%
100. 0:00-
0:10
Airplane
59%
3. 16:10-
16:20
Airplane
59%
36. 10:40-
10:50
Good Luck
57.7%
70. 5:00-
5:10
Hide & Seek
57%
68. 5:20-
5:30
1cm
56.4%
13. 14:30-
14:40
Feel So Good
56.4%
49. 8:30-
8:40
Voodoo Doll
55.5%
76. 4:00-
4:10
Zero For Conduct
55.2%
Hint
Answer
% Correct
39. 10:10-
10:20
Nu ABO
55%
58. 7:00-
7:10
Sentimental
54.5%
15. 14:10-
14:20
Rum Pum Pum Pum
53.3%
28. 12:00-
12:10
Congratulations
52.8%
83. 2:50-
3:00
We Like 2 Party
52.5%
60. 6:40-
6:50
Jackpot
52.4%
72. 4:40-
4:50
Now
52.2%
93. 1:10-
1:20
Borders
51.2%
86. 2:20-
2:30
I Love You
50.8%
96: 0:40-
0:50
Whatcha Doin' Today?
48.9%
99. 0:10-
0:20
200%
48.8%
33. 11:10-
11:20
LA chA TA
47.3%
79. 3:30-
3:40
Breathless
47.2%
71. 4:50-
5:00
Free Somebody
46.7%
7. 15:30-
15:40
Letting Go
46.1%
62. 6:20-
6:30
Paradise Lost
42.8%
2. 16:20-
16:30
Beautiful
39.8%
23. 12:50-
13:00
Ah-Ah
38.3%
24. 12:40-
12:50
Hoot
37.6%
57. 7:10-
7:20
Arario
34.8%
73. 4:30-
4:40
I'm Different
33.5%
54. 7:40-
7:50
Kissing you
32.8%
56. 7:20-
7:30
Joker
32.6%
77. 3:50-
4:00
Vibrato
29.4%
47. 8:50-
9:00
Dracula
22.2%
95. 0:50-
1:00
Love Letter
22%
46. 9:00-
9:10
Papi
20.1%
30. 11:40-
11:50
Need To Feel Needed
19.2%
22. 13:00-
13:10
Milk
19.1%
75. 4:10-
4:20
On My Own
18.3%
51. 8:10-
8:20
Showgirls
12.5%
59. 6:50-
7:00
One Afternoon
9.7%
Quiz Playlist
Details
Report
Send in Message
Add To Playlist
More Info:
Click "source" below to access the audio portion of this quiz!
Classic:
Type in answers that appear in a list
Quiz Source
Last Updated: Jul 2, 2017
Quiz Scoreboard
CHALLENGE
Sign Up to Join the Scoreboard
Show All
Scores
Hide
Comments
May contain spoilers
Recently Published
College Basketball Coaching Resumes
by pancakes188
Sports
9m
Billboard Blitz: Fleetwood Mac
by CooCooCachoo
Music
15s
Presidents Visiting Landmarks
by Hejman
History
7m
More to Explore
Quiz From the Vault
Featured Blog Post
Where Did the Easter Bunny Come From?
hide this ad
You Might Also Like...
Tags
Kpop Quiz
Kpop Quiz
snsd
Top 100
Today's Top Quizzes in Music
Browse Music
hide this ad
Today's Top Quizzes in Kpop
Browse Kpop
Top Contributed Quizzes in Music
1
Taylor Swift All Songs (2024)
2
Guess the Artist- 70s Songs
3
7-to-1: Billboard Hot 100 #1 Hits of 2010s
4
Sorting Albums and Songs
5
Taylor Swift Logic Puzzle
6
KPOP LOGIC QUIZ
7
One Thing in Common: Music
8
Guess the Taylor Swift song (Mystery Song)
9
2010s Album by Cover III
10
Guess The Taylor Swift Lyrics Song #1
Explore More
Trending Topics
Disney
Marvel
Kpop
Harry Potter
Anime
NBA
Crossword
Pokémon
The Office
Puzzle
Country
Soccer
NFL
WWE
Song
hide this ad
More By:
indie1508
Quiz
Plays
Rating
Category
Featured
Created
Kpop Girl Group Audio Quiz
2,266
4.80
Music
May 10, 2016
The Derp Faces of Kpop
1,928
3.70
Music
Sep 3, 2016
1st Bias vs. 2nd Bias
1,887
4.09
Music
Oct 23, 2016
The Best of 2015 (Audio)
1,853
4.18
Music
Oct 21, 2016
Guess The Blonde Kpop Idol!
1,548
4.33
Music
Nov 20, 2016
Go to Creator's Profile
Score Distribution
Quiz Creator Spotlight
indie1508
Follow
Send a Message
Quizzes Created
-
Created Quiz Play Count
-
More By This Creator
Popular Quizzes Today
1
Find the US States - No Outlines Minefield
2
Find the Countries of Europe - No Outlines Minefield
3
The Countries of the World
4
Find the US States
5
Risky Map Clicking: Biggest States A-Z
6
US States
7
Popular People in 1961
8
Movies - When Are They Set?
More Music Quizzes
Lego Album Covers
Published
Trending Quizzes
Risky Map Clicking: Least Populous States A-Z
1-10 Letter G Words
1-10 Letter F Words
Risky Map Clicking: Next State Alphabetically
Click the Washington State Counties! (Map)
Recently Updated
Leaping Animals
pecheneg
Reality TV Shows (A-Z)
bhenderson79
Rickey Henderson's Hall of Fame Teammates
pecheneg
Champions League XIs: Arsenal
pecheneg
Quick Pick: Celebrities in WWE's Hall of Fame
aduchscher
A-Z Keypad Blitz II
pecheneg
Multiple Oscar Actors
pecheneg
Mystery Phrase Blitz: Oscar 'Best Actors'
pecheneg
F. Scott Fitzgerald Novels
LTH
Pick 3 Villains
ddd62291
Trending Topics
Kpop
Crossword
Anime
Marvel
Disney
NBA
Harry Potter
NFL
Soccer
WWE
Puzzle
Song
Country
The Office
Pokémon
Your Account Isn't Verified!
In order to create a playlist on Sporcle, you need to verify the email address you used during registration. Go to your
Sporcle Settings
to finish the process.
Report this User
Report this user for behavior that violates our
Community Guidelines
.
Details:
Send Report
Go to the Sporcle.com Mobile Site →
Comments